000 00822nam a2200193 a 4500
001 000006238
005 20200929153914.0
008 090827s1990 dr 000 0 spa d
082 _axxx
_bI59d
110 2 _aPontificia Universidad Católica Madre y Maestra
_bDepartamento de Publicaciones
_917431
245 1 0 _aInstitucionalidad y desarrollo :
_bpropuestas de reformas presentadas por el centro univeristario de estudios políticos y sociales de la Pontificia Universidad Católica Madre y Maestra PUCMM /
_ceditor Flavio Darío Espinal Jacobo.
260 _aSanto Domingo :
_bTaller,
_c1990.
300 _a145 p. ;
_c23 cm.
490 0 _aDocumentos.
500 _aIncluye notas al pie de las páginas
505 2 _aIncluye nota de contenido.
700 1 _aEspinal Jacobo, Flavio Darío,
_eed.
_98478
999 _c6033
_d6033
040 _aDO-SdBNP